00753nam a2200193Ia 4500008004100000082001800041100001900059245005200078250000800130260002700138300001200165500002400177650001500201942000700216952010700223952010700330952010700437999001500544230524s9999 xx 000 0 und d a612.3812bSIV aS.N.Sivanandam 0aElectric Circuit Anlysis (Problems & Solutions) a1ST aNEW DELHIbVikasc2002 aXVI;354 aQuantity Number: 3 aElectrical cBK 00104070aTATCLbTATCLcGENd2023-05-24l0o612.3812 SIVp6526r2023-05-24w2023-05-24yBKzCPEC5203 00104070aTATCLbTATCLcGENd2023-05-24l0o612.3812 SIVp9238r2023-05-24w2023-05-24yBKzCPEC5203 00104070aTATCLbTATCLcGENd2023-05-24l0o612.3812 SIVp9239r2023-05-24w2023-05-24yBKzCPEC5203 c8717d8717